Statistics for Dark souls NPC

Click here to take the quiz!

General Stats

  • This quiz has been taken 64 times
  • The average score is 27 of 40

Answer Stats

HintAnswer% Correct
Gives the player estus flasksOscar of Astora
93%
A warrior of sunlight who offers to help you during your journeySolaire of Astora
91%
A blacksmith from Astora located in the Undead ParishAndre of Astora
86%
A famous sorcerer you will find in a cageBig hat Logan
86%
She's a cleric of Thorolund and she sells miraclesReah of Thorolund
86%
A knight whose armor resembles an onionSiegmeyer of Catarina
84%
A knight who has the ring of favor and protectionLautrec of Carim
82%
One of the two primordial serpents, he wants to put an end to the age of fireDarkstalker Kaathe
80%
One of Gwyn's son, he leads the blade of the darkmoon covenant (also an optional boss)Dark Sun Gwyndolin
80%
One of the two primordial serpents, he wants to continue the age of fireKingseeker Frampt
80%
Not very important, goes hollow once you ring both bells of awakeningCrestfallen Warrior
77%
She's a crossbreed you'll meet in the Painted World of Ariamis (also an optional boss)Crossbreed Priscilla
77%
He hates cleric and loves to loots other's corpsePatches the Hyena
77%
A cleric from Thorolund, he kills Reah later onPetrus of Thorolund
77%
She is an illusion created by her brother, she also gives the player the LordvesselPrincess Gwynevere
75%
She will appear in Blighttown and sell advanced pyromanciesQuelana of Izalith
75%
The princess of Oolacile, she sells sorceriesDusk of Oolacile
73%
A blacksmith located in Anor LondoGiant blacksmith
73%
A famous archer now blinden, he's one of Gwyn's four knightsHawkeye Gough
70%
She's the sister of Chaos Witch QuelaagThe Fair Lady
70%
An undead located in the sewers near Firelink Shrine, she sells moss clumpsUndead Merchant (female)
70%
An undead located in Undead Burg, he sells useful items for early gameUndead Merchant (male)
70%
Located in the Undead Parish, he cures the player's curse statusOswald of Carim
66%
A firekeeper that cannot speak or can she?Anastacia of Astora
64%
Encountered for the first time in the Depths, he sells pyromanciesLaurentius of the great swamp
64%
A skeleton blacksmithVamos
64%
She is the leader of the forest hunters covenantAlvina
61%
First NPC you'll encounter in the DLC, she's Dusk's godmotherElizabeth
61%
Like you he's been dragged into the past and he looks a lot like a Bloodborne characterMarvelous Chester
61%
A forest hunter knight who becomes a merchant later onShiva of the East
59%
A sorcerer from Vinheim who seems to acknowledge LoganGriggs of Vinheim
57%
A knightess whose armor resembles an onionSieglinde of Catarina
57%
A blacksmith from Vinheim who appears to be trapped in a cellRickert of Vinheim
55%
Encountered in the world, he moves to Firelink Shrine and sells boss armourDomhnall of Zena
50%
He is a loyal servant to the Fair LadyEingyi
50%
Wielder of the gold and dark silver tracers, she's one of Gwyn's four knightsLord's Blade Ciaran
50%
She is a firekeeper in Anor Londo and a blade of the darkmoonDarkmoon Knightess
48%
At the top of Sen's Fortress, he sells useful itemsCrestfallen Merchant
45%
One of the sorcerers who sealed New LondoIngward
39%
The two protectors of Reah, they'll sadly turn hollowVince and Nico of Thorolund
34%

Score Distribution

Percentile by Number Answered

Percent of People with Each Score

Your Score History

You have not taken this quiz